Analýza zadlženosti slovenských domácností

Zadlženost slovenských domácností, ktorá sa v posledných rokoch stáva vážnym ekonomickým, sociálnym a etickým problémom. Na vývoj zadlženosti slovenských domácností má významný vplyv veľa rôznych faktorov. Dôležitým faktorom rastu záväzkov domácností bola relatívne nízka úroveň zadlženia v minulosti...

Descrizione completa

Salvato in:
Dettagli Bibliografici
Autore principale: Vravec, Ján
Natura: Capitolo di libro
Lingua:slovacco
Soggetti:
Tags: Aggiungi Tag
Nessun Tag, puoi essere il primo ad aggiungerne!!

MARC

LEADER 00000nla a2200000 4500
001 0222873
005 20240417075108.7
041 0 |a slo 
044 |a SK 
245 1 0 |a Analýza zadlženosti slovenských domácností  |c Ján Vravec 
520 |a Zadlženost slovenských domácností, ktorá sa v posledných rokoch stáva vážnym ekonomickým, sociálnym a etickým problémom. Na vývoj zadlženosti slovenských domácností má významný vplyv veľa rôznych faktorov. Dôležitým faktorom rastu záväzkov domácností bola relatívne nízka úroveň zadlženia v minulosti, typická pre krajiny strednej a východnej Európy. Okrem nízkej miery zadlženosti obyvateľov prispieva k rastu zadlženosti slovenských domácností aj významný pokles úrokových sadzieb na finančnom trhu. Rýchle tempo rastu zadlženosti slovenských domácností však môže byť v budúcnosti významným zdrojom ekonomickej nerovnováhy na mikroekonomickej aj makroekonomickej úrovni. 
610 2 0 |a dlhy 
610 2 0 |a Slovensko 
610 2 0 |a Európa 
610 2 0 |a porovnanie medzinárodné 
610 2 0 |a zadlženosť 
610 2 0 |a domácnosti 
610 2 0 |a úver hypotekárny 
100 1 |a Vravec, Ján